000 nam a22 7a 4500
999 _c10607
_d10607
008 180219b ||||| |||| 00| 0 eng d
100 _aSharma, B S
_96500
245 _aSupplement for mission NTSE english languiage -X
260 _aNew Delhi
_bS, Chand Publication
_c2013